Anak murai belajar berdikari

Bibliographic Details
Main Author: Hazli Mat Saad
Corporate Author: Title
Format: Book
Published: Selangor : Nikaz publications , 2006
Series:Salam dari rimba
Subjects:

MARC

LEADER 00000cam a2200000 7i4500
001 0000003512
005 20220105103947.0
008 070718
020 |a 9789831881446 
020 |a 9831881443 
090 0 0 |a JP   |b ANM MAL (3781) 
090 0 0 |a NH   |b MAL 
100 0 |a Hazli Mat Saad 
245 0 0 |a Anak murai belajar berdikari   |c Hazli Mat Saad 
260 |a Selangor :   |b Nikaz publications ,   |c 2006 
440 0 |a Salam dari rimba 
500 |a Children age 4-6 years old (yellow) 
650 0 |a Animal 
650 0 |a Malay language   |x Readers   |x Fiction 
710 0 |a Title 
999 |a 0000969348   |b Book   |c Children Collection   |e Cawangan Taman Universiti 
999 |a 0000969349   |b Book   |c Children Collection   |e Perbadanan Perpustakaan Awam Johor 
999 |a 0000969350   |b Book   |c Children Collection   |e Cawangan Tmn. Ungku Tun Aminah 
999 |a 0000969351   |b Book   |c Children Collection   |e Cawangan Tmn. Ungku Tun Aminah 
999 |a 0000969352   |b Book   |c Children Collection   |e Perbadanan Perpustakaan Awam Johor 
999 |a 0000975882   |b Book   |c Children Collection   |e Cawangan Bandar Penawar 
999 |a 0000975883   |b Book   |c Children Collection   |e Cawangan Mersing 
999 |a 0000975884   |b Book   |c Children Collection   |e Cawangan Mersing 
999 |a 0001143777   |b Book   |c Children Collection   |e Cawangan Segamat 
999 |a 0001143778   |b Book   |c Children Collection   |e Cawangan Segamat 
999 |a 000947283   |b Book   |c Children Collection   |e Cawangan Muar 
999 |a 000947285   |b Book   |c Children Collection   |e Cawangan Muar